| 000 | 00684nam a2200217 i 4500 | ||
|---|---|---|---|
| 001 | bgj | ||
| 100 | 1 | _aNORTON, Mary Beth | |
| 245 | 1 | 0 |
_aA People and a Nation : _ba history of the United States : since 1865. _nVol. 2 / _cMary Beth Norton [et al.]. |
| 250 | _a2nd edition. | ||
| 260 |
_aBoston : _bHoughton Mifflin Company, _cc. 1986. |
||
| 300 |
_aXVII, 1017, A-42, C-1, I-26 : _bmaps, charts, ill., ; _c26 cm. |
||
| 504 | _aReferences after each chapter. | ||
| 505 | _aIncludes index. | ||
| 651 | 9 |
_aUnited States _xHistory |
|
| 020 | _a0395379377 | ||
| 040 | _cBPK | ||
| 041 | 0 | _aeng | |
| 920 | _a0-395-37937-7 | ||
| 942 | _cKS | ||
| 008 | s uk f |000 0 eng | ||
| 999 |
_c47390 _d47390 |
||
| 856 |
_uhttp://koha.tu.koszalin.pl/cgi-bin/koha/opac-detail.pl?biblionumber=47390 _yKatalog online BPK |
||